00493nam a2200193 a 4500001001300000003000900013005001700022008004100039020001000080082001700090100002400107245003100131260004900162300000800211500003500219505001000254650001100264700002400275nice12345678IN_TiNIC20260116012125.0050524s1922 bana grp 000 0 eng  ac10000a294.363bSAU aSaunders, Kenneth J aGotama Budhab a Biography aBangalorebSenate of Serampore Collegec1922 a91p aincludes index and biblioraphy2 aIndex aBuddha1 aSaunders, Kenneth J